<?xml version="1.0" encoding="UTF-8"?>
<collection xmlns="http://www.loc.gov/MARC21/slim">
 <record>
  <leader>01234nam a2200289 a 4500</leader>
  <controlfield tag="001">18210</controlfield>
  <controlfield tag="003">BD-DhAAL</controlfield>
  <controlfield tag="008">090405s1991    maua     b    001 0 eng d</controlfield>
  <datafield tag="999" ind1=" " ind2=" ">
   <subfield code="c">76</subfield>
   <subfield code="d">76</subfield>
  </datafield>
  <datafield tag="010" ind1=" " ind2=" ">
   <subfield code="a">\\\89027327 </subfield>
  </datafield>
  <datafield tag="020" ind1=" " ind2=" ">
   <subfield code="a">0201092905</subfield>
  </datafield>
  <datafield tag="040" ind1=" " ind2=" ">
   <subfield code="a">DLC</subfield>
   <subfield code="c">DLC</subfield>
   <subfield code="d">DLC</subfield>
   <subfield code="d">BD-DhAAL</subfield>
  </datafield>
  <datafield tag="082" ind1="0" ind2="0">
   <subfield code="a">621.382</subfield>
   <subfield code="2">20</subfield>
  </datafield>
  <datafield tag="100" ind1="1" ind2=" ">
   <subfield code="a">Spragins, John D.</subfield>
   <subfield code="9">41208</subfield>
  </datafield>
  <datafield tag="245" ind1="1" ind2="0">
   <subfield code="a">Telecommunications :</subfield>
   <subfield code="b">protocols and design /</subfield>
   <subfield code="c">John D. Spragins, Joseph L. Hammond, Krzysztof Pawlikowski.</subfield>
  </datafield>
  <datafield tag="260" ind1=" " ind2=" ">
   <subfield code="a">Reading, Mass. :</subfield>
   <subfield code="b">Addison-Wesley Pub. Co.,</subfield>
   <subfield code="c">c1991.</subfield>
  </datafield>
  <datafield tag="300" ind1=" " ind2=" ">
   <subfield code="a">xix, 716 pages :</subfield>
   <subfield code="b">illustrations ;</subfield>
   <subfield code="c">25 cm.</subfield>
  </datafield>
  <datafield tag="504" ind1=" " ind2=" ">
   <subfield code="a">Includes bibliographical references (pages 657-701) and index.</subfield>
  </datafield>
  <datafield tag="541" ind1="1" ind2=" ">
   <subfield code="e">00018210</subfield>
  </datafield>
  <datafield tag="650" ind1=" " ind2="0">
   <subfield code="a">Computer networks.</subfield>
   <subfield code="9">41209</subfield>
  </datafield>
  <datafield tag="650" ind1=" " ind2="0">
   <subfield code="a">Computer network protocols.</subfield>
   <subfield code="9">41210</subfield>
  </datafield>
  <datafield tag="700" ind1="1" ind2=" ">
   <subfield code="a">Hammond, Joseph L.</subfield>
   <subfield code="9">41211</subfield>
  </datafield>
  <datafield tag="700" ind1="1" ind2=" ">
   <subfield code="a">Pawlikowski, Krzysztof.</subfield>
   <subfield code="9">41212</subfield>
  </datafield>
  <datafield tag="852" ind1="4" ind2=" ">
   <subfield code="a">Ayesha Abed Library</subfield>
   <subfield code="j">General Stacks</subfield>
  </datafield>
  <datafield tag="942" ind1=" " ind2=" ">
   <subfield code="2">ddc</subfield>
   <subfield code="c">BK</subfield>
  </datafield>
  <datafield tag="952" ind1=" " ind2=" ">
   <subfield code="0">0</subfield>
   <subfield code="1">0</subfield>
   <subfield code="2">ddc</subfield>
   <subfield code="4">0</subfield>
   <subfield code="6">621_382000000000000_SPR_1991</subfield>
   <subfield code="7">0</subfield>
   <subfield code="9">67</subfield>
   <subfield code="a">BRACUL</subfield>
   <subfield code="b">BRACUL</subfield>
   <subfield code="c">GEN</subfield>
   <subfield code="d">2009-04-28</subfield>
   <subfield code="l">0</subfield>
   <subfield code="o">621.382 SPR</subfield>
   <subfield code="p">3010018210</subfield>
   <subfield code="r">2009-04-28</subfield>
   <subfield code="t">1</subfield>
   <subfield code="w">2009-04-28</subfield>
   <subfield code="y">BK</subfield>
  </datafield>
  <datafield tag="952" ind1=" " ind2=" ">
   <subfield code="0">0</subfield>
   <subfield code="1">0</subfield>
   <subfield code="2">ddc</subfield>
   <subfield code="4">0</subfield>
   <subfield code="6">621_382000000000000_SPR_1991</subfield>
   <subfield code="7">0</subfield>
   <subfield code="9">10845</subfield>
   <subfield code="a">BRACUL</subfield>
   <subfield code="b">BRACUL</subfield>
   <subfield code="c">GEN</subfield>
   <subfield code="d">2010-06-10</subfield>
   <subfield code="l">0</subfield>
   <subfield code="o">621.382 SPR</subfield>
   <subfield code="p">3010018276</subfield>
   <subfield code="r">2010-06-10</subfield>
   <subfield code="t">2</subfield>
   <subfield code="w">2010-06-10</subfield>
   <subfield code="y">BK</subfield>
  </datafield>
 </record>
</collection>
